000 00509nam a2200181Ia 4500
005 20250923144744.0
008 008 250917s9999 xx 000 0 eng d
037 _aTextual
040 _aDSWL
_beng
_cDSWL
041 _aeng
_2eng
084 _qDSWL
100 _aJawatkar, K.S.
_9828085
245 0 _aStudy of Antora- A Maharshtra village
_cby K.S. Jawatkar
260 _aDelhi
_bDelhi Delhi School of Social Work
_c1961
300 _a83p.
942 _cTEXL
999 _c1442959
_d1442959